000 00775nam a22002057a 4500
999 _c11500
_d11500
003 AR-CdUCM
008 190404b ||||| |||| 00| 0 spa d
040 _aMUNICIPALIDAD PROVINCIAL DEL CUSCO
_cBIBLIOTECA MUNICIPAL DEL CUSCO
082 _22ed.
_a985 /
_bV28 / 1945
100 _aVargas Ugarte, Rubén
_93119
245 _aHistoria del Perú: fuentes :
_bcurso universitario /
260 _aLima :
_bGil,
_c1945.
300 _a360 páginas ;
_c21 cm.
505 _aContenido: Conceptos de la historia -- Que son fuentes -- Breve noticia sobre la bibliográfica en el Perú -- Los documentos -- Colecciones de libros -- Publicaciones periódicas ...
650 _aHistoria
_9136
650 _aCiudades
_92995
650 _aPerú
_935
942 _2ddc
_cLIBROS
945 _aacv